[Event "V Festival Piemonte Scacchi A"]
[Site "Torino ITA"]
[Date "2003.12.08"]
[Round "7"]
[White "Diana, Riccardo"]
[Black "Scotti, Umberto"]
[Result "1/2-1/2"]
[WhiteElo "2109"]
[BlackElo "2135"]
[PlyCount "34"]
[EventDate "2003.12.04"]

1. e4 e6 2. d4 d5 3. Nd2 c5 4. exd5 Qxd5 5. Ngf3 cxd4 6. Bc4 Qd6 7. O-O Nf6 8.
Nb3 Nc6 9. Nbxd4 Nxd4 10. Qxd4 Bd7 11. Rd1 Qxd4 12. Nxd4 Bc5 13. Bf4 O-O-O 14.
Nb5 Bxb5 15. Bxb5 Ne4 16. Bg3 Nxg3 17. hxg3 Rd4 1/2-1/2

[Event "V Festival Piemonte Scacchi A"]
[Site "Torino ITA"]
[Date "2003.12.08"]
[Round "7"]
[White "Martin, Tiziano"]
[Black "Faraoni, Enrico"]
[Result "0-1"]
[WhiteElo "1825"]
[BlackElo "2182"]
[PlyCount "50"]
[EventDate "2003.12.04"]

1. d4 Nf6 2. Nf3 g6 3. Nbd2 Bg7 4. e4 d6 5. Bd3 O-O 6. O-O Nc6 7. c3 e5 8. dxe5
dxe5 9. Qc2 Nh5 10. Re1 Nf4 11. Bf1 Qf6 12. Nc4 Nh3+ 13. Kh1 Bg4 14. Ne3 Bxf3
15. Nd5 Qh4 16. gxf3 Nxf2+ 17. Kg2 Ng4 18. fxg4 Qxe1 19. Bg5 Qxa1 20. Nf6+ Bxf6
21. Bxf6 Rad8 22. Qf2 Rd6 23. g5 Qd1 24. Be2 Rxf6 25. gxf6 Qd6 0-1

[Event "V Festival Piemonte Scacchi A"]
[Site "Torino ITA"]
[Date "2003.12.08"]
[Round "7"]
[White "Pantalone, Marcello"]
[Black "Catana, Costel"]
[Result "0-1"]
[WhiteElo "1963"]
[BlackElo "1870"]
[PlyCount "76"]
[EventDate "2003.12.04"]

1. c4 Nf6 2. Nc3 g6 3. g3 Bg7 4. Bg2 O-O 5. e3 c5 6. Nge2 Nc6 7. d3 b6 8. O-O
Bb7 9. a3 e6 10. e4 d6 11. h3 Qc7 12. f4 Rae8 13. Kh2 Re7 14. Be3 Rc8 15. Qd2
a6 16. Rae1 Rce8 17. b3 d5 18. exd5 exd5 19. Bf2 d4 20. Ne4 Nd8 21. Nxf6+ Bxf6
22. Ng1 Bxg2 23. Kxg2 Qb7+ 24. Kh2 Ne6 25. Re4 Bg7 26. a4 f5 27. Ree1 Bh6 28.
h4 Kf8 29. Qd1 Qc7 30. Nh3 Qb7 31. Ng5 Bxg5 32. hxg5 h6 33. gxh6 Rh7 34. g4
Rxh6+ 35. Kg3 g5 36. Rxe6 gxf4+ 37. Kxf4 Qc7+ 38. Kf3 Rexe6 0-1

[Event "V Festival Piemonte Scacchi A"]
[Site "Torino ITA"]
[Date "2003.12.08"]
[Round "7"]
[White "Vinciguerra, Marco"]
[Black "Fassio, Luca"]
[Result "1-0"]
[WhiteElo "2160"]
[BlackElo "2123"]
[PlyCount "83"]
[EventDate "2003.12.04"]

1. d4 g6 2. Nf3 Bg7 3. c3 d6 4. Nbd2 Nf6 5. e4 O-O 6. Be2 c5 7. O-O Nc6 8. d5
Nb8 9. Qc2 Na6 10. h3 Nc7 11. a4 Rb8 12. Nc4 b6 13. Ne3 a6 14. Nh2 b5 15. Nhg4
Bd7 16. Nxf6+ Bxf6 17. Ng4 bxa4 18. Nxf6+ exf6 19. g4 Qe7 20. f4 Rb6 21. f5 g5
22. h4 h6 23. hxg5 hxg5 24. Rf3 Qe5 25. Bd3 Kg7 26. Rh3 Rbb8 27. Qh2 Qxh2+ 28.
Rxh2 Rh8 29. Rxh8 Kxh8 30. Kf2 Bb5 31. Bc2 Re8 32. Kf3 Re7 33. Be3 Na8 34. Bxa4
Bd3 35. Bc6 Bxe4+ 36. Kf2 Nc7 37. Bxc5 dxc5 38. d6 Bxc6 39. dxe7 Nd5 40. Re1
Be8 41. Rd1 Nxe7 42. Rd8 1-0

[Event "V Festival Piemonte Scacchi A"]
[Site "Torino ITA"]
[Date "2003.12.08"]
[Round "7"]
[White "Vozza, Nicola"]
[Black "Sorcinelli, Francesco"]
[Result "1-0"]
[WhiteElo "1735"]
[BlackElo "2122"]
[PlyCount "66"]
[EventDate "2003.12.04"]

1. d4 Nf6 2. c4 c5 3. d5 e6 4. Nc3 g6 5. e4 exd5 6. cxd5 d6 7. Bd3 Bg7 8. Nge2
O-O 9. O-O Re8 10. h3 Na6 11. f4 Nc7 12. Ng3 Rb8 13. a4 a6 14. Qf3 b5 15. axb5
axb5 16. e5 dxe5 17. f5 e4 18. Ncxe4 Qxd5 19. fxg6 Qd4+ 20. Be3 Qxd3 21. Nxf6+
Kh8 22. Nxe8 Bb7 23. Qf4 Rxe8 24. gxf7 Rf8 25. Rad1 Qc2 26. Rd2 Qb3 27. Nf5 Nd5
28. Rxd5 Qxd5 29. Qg4 Bxb2 30. Rf2 Qd3 31. Bxc5 Qb1+ 32. Rf1 Qxf1+ 33. Kxf1
Rxf7 1-0